000 00959nam a22002537a 4500
005 20170123164152.0
010 _aB-028789
020 _c150.00
035 _aB-028789
037 _aCen Lib / Ret
040 _aDPL
_bPN
082 _a
_2ਅਵਤਾ
100 _aਅਵਤਾਰ ਸਿੰਘ 'ਤਾਰ'
_951202
245 _aਪਵਿੱਤਰ ਕਲੰਕਣੀ :
_cਅਵਤਾਰ ਸਿੰਘ 'ਤਾਰ'
_bਨਾਵਲ /
246 _aPavittar kalankani : novel /
_bAvtar Singh 'Taar'
260 _aਅੰਮ੍ਰਿਤਸਰ
_bਲੇਕ ਸਾਹਿਤ ਪ੍ਰਕਾਸ਼ਨ
_c2000
270 _a186, ਗੀ੍ਲ ਔਵੀਨਿਊ
_bਅੰਮ੍ਰਿਤਸਰ
300 _a175p.
_c22cm
650 _aਪੰਜਾਬੀ ਸਾਹਿਤ
_9135362
650 _aLiterature -- Punjabi
_9135363
650 _aPunjabi Novel
_96285
650 _aਪੰਜਾਬੀ -- ਨਾਵਲ
_9135364
942 _2ddc
_cPN
_h
_mਅਵਤਾ
999 _c110456
_d110456